(In)Significant Facts about Asian Landmarks Quiz Stats

Quiz not verified by Sporcle

Challenge
Share
Tweet
Embed
Score 0/20 Timer 10:00
0 Plays Today
% Correct
consists of over 8,000 life size statues
85.4%
is approx. 6,430 km (3,995 miles) long
81.7%
is a white marble mausoleum
80.5%
includes 90 palaces with courtyards, 980 total buildings, and at least 8,700 rooms
79.3%
is 8.9 km (5.5 miles) high
76.8%
in an active stratovolcano that last erupted in 1707–08
72%
is the tallest building in the world
72%
was featured in the film Indiana Jones and the Last Crusade
67.1%
has been described as one of the most alien-looking places on Earth
61%
is one of the most contested religious sites in the world
59.8%
% Correct
is built to resemble the sail of a ship
58.5%
is designed to withstand typhoons and earthquakes
54.9%
in one of the New 7 Wonders of Nature
54.9%
is best known for its 'floating' torii gate built of decay-resistant camphor wood
53.7%
is also known as the Temple of the Reclining Buddha
52.4%
is the largest religious monument in the world
51.2%
is capped with a 20 m (66 ft) high illuminated metal torch
47.6%
is painted white and international orange to comply with air safety regulations
45.1%
is a Bahá'í House of Worship
41.5%
is situated at an elevation of 3,700 m (12,100 ft)
40.2%

You're not logged in!

Compare scores with friends on all Sporcle quizzes.
Sign Up with Email
OR
Log In

You Might Also Like...

Show Comments

Extras

Top Quizzes Today


Score Distribution

Your Account Isn't Verified!

In order to create a playlist on Sporcle, you need to verify the email address you used during registration. Go to your Sporcle Settings to finish the process.